Waves and rays in elastic continua / (Record no. 30112)

000 -LEADER
fixed length control field 00588 a2200169 4500
020 ## - INTERNATIONAL STANDARD BOOK NUMBER
International Standard Book Number 9814289000
020 ## - INTERNATIONAL STANDARD BOOK NUMBER
International Standard Book Number 9789814289009
082 ## - DEWEY DECIMAL CLASSIFICATION NUMBER
Classification number 531.382
090 ## - LOCALLY ASSIGNED LC-TYPE CALL NUMBER (OCLC); LOCAL CALL NUMBER (RLIN)
-- 1501
-- 1501
100 1# - MAIN ENTRY--PERSONAL NAME
Personal name Slawinski, Michael A.
245 10 - TITLE STATEMENT
Title Waves and rays in elastic continua /
Statement of responsibility, etc. Michael A. Slawinski.
Remainder of title (Photocopy)
250 ## - EDITION STATEMENT
Edition statement 2nd ed.
260 ## - PUBLICATION, DISTRIBUTION, ETC.
Place of publication, distribution, etc. [S.l.] :
Name of publisher, distributor, etc. World Scientific Publishing Company,
Date of publication, distribution, etc. 2007.
300 ## - PHYSICAL DESCRIPTION
Extent 616 p. ;
Dimensions 24 cm.
942 ## - ADDED ENTRY ELEMENTS (KOHA)
Institution code [OBSOLETE] SNS
Koha item type Book
Call number prefix 531.382 SLA
Holdings
Withdrawn status Lost status Damaged status Not for loan Permanent Location Current Location Date acquired Total Checkouts Full call number Barcode Date last seen Price effective from Koha item type
        School of Natural Sciences (SNS) School of Natural Sciences (SNS) 05/26/2016   531.382 SLA SNS0001824 05/26/2016 05/26/2016 Book
© 2023 Central Library, National University of Sciences and Technology. All Rights Reserved.